Física
Saved in:
| Main Authors: | , |
|---|---|
| 格式: | 圖書 |
| 語言: | 西班牙语 |
| 出版: |
Ciudad de México
Pearson Educación
2001
|
| 版: | 5a. ed |
| 主題: | |
| 標簽: |
添加標簽
沒有標簽, 成為第一個標記此記錄!
|
MARC
| LEADER | 00000nam a2200000 a 4500 | ||
|---|---|---|---|
| 001 | UCM8824 | ||
| 003 | CL-VaPUC | ||
| 008 | 030328e20010000MX |||||||||||||||||spa|d | ||
| 020 | |a 9702600154 | ||
| 082 | 0 | 4 | |a 530 |b SER |2 21 |
| 100 | 0 | |a Serway, Raymond A |e author |9 254 | |
| 700 | 0 | |a Faughn, Jerry S |e author |9 475040 | |
| 245 | 1 | 0 | |a Física |
| 250 | |a 5a. ed | ||
| 300 | |a 849 p | ||
| 942 | |c BK | ||
| 945 | |d 20030328 00:00:00 |a cmena | ||
| 260 | |a Ciudad de México |b Pearson Educación |c 2001 | ||
| 650 | 0 | |a Movimiento física |9 359702 | |
| 650 | 0 | |a Termodinámica |9 259320 | |
| 650 | 0 | |a Vibraciones |9 338108 | |
| 650 | 0 | |a Ondas |9 260165 | |
| 650 | 0 | |a Electricidad |9 260222 | |
| 650 | 0 | |a Magnetismo |9 260336 | |
| 650 | 0 | |a Luz |9 263172 | |
| 650 | 0 | |a Optica |9 263171 | |
| 583 | |a last modification |c 20171031 11:00:24 |k Rodrigo Vera | ||
| 999 | |c 303245 |d 303243 | ||
| 952 | |0 0 |1 0 |4 0 |6 530_000000000000000_SER_2001 |7 0 |8 A |9 364410 |a BIBCUR |b BIBCUR |d 2019-11-21 |i 3888371 |l 4 |m 1 |o 530 SER 2001 |p 3888371 |r 2025-04-22 |s 2024-10-07 |w 2019-11-21 |y BK |k FIS | ||
| 952 | |0 0 |1 0 |4 0 |6 530_000000000000000_SER_2001 |7 0 |8 A |9 364413 |a BIBCUR |b BIBCUR |d 2019-11-21 |i 3903206 |l 2 |o 530 SER 2001 |p 3903206 |r 2025-04-22 |s 2024-09-05 |w 2019-11-21 |y BK |k FIS | ||
| 952 | |0 0 |1 0 |2 ddc |4 0 |6 530_000000000000000_SER_2001 |7 0 |8 A |9 364415 |a BIBCUR |b BIBCUR |c GEN |d 2019-11-21 |i 3913074 |l 2 |o 530 SER 2001 |p 3913074 |r 2025-04-22 |s 2024-09-16 |w 2019-11-21 |y BK |k FIS | ||
| 952 | |0 0 |1 0 |4 0 |6 530_000000000000000_SER_2001 |7 0 |8 A |9 364416 |a BIBCUR |b BIBCUR |d 2019-11-21 |i 3913082 |l 2 |o 530 SER 2001 |p 3913082 |r 2025-04-22 |s 2023-03-23 |w 2019-11-21 |y BK |k FIS | ||
| 952 | |0 0 |1 0 |2 ddc |4 0 |6 530_000000000000000_SER_2001 |7 0 |8 A |9 364417 |a BIBING |b BIBING |d 2019-11-21 |i 3996581 |l 1 |o 530 SER 2001 |p 3996581 |r 2025-01-20 |s 2024-03-15 |w 2019-11-21 |y BK |k TRA | ||
| 952 | |0 0 |1 0 |2 ddc |4 0 |6 530_000000000000000_SER_2001 |7 0 |8 A |9 364418 |a BIBING |b BIBING |d 2019-11-21 |i 399659K |l 8 |o 530 SER 2001 |p 399659K |r 2025-01-20 |s 2023-03-31 |w 2019-11-21 |y BK |k TRA | ||
| 952 | |0 0 |1 0 |4 0 |6 530_000000000000000_SER_2001 |7 0 |8 A |9 364419 |a BIBING |b BIBING |d 2019-11-21 |i 3996603 |l 3 |o 530 SER 2001 |p 3996603 |r 2025-01-20 |s 2022-04-21 |w 2019-11-21 |y BK |k TRA | ||
| 952 | |0 0 |1 0 |4 0 |6 530_000000000000000_SER_2001 |7 0 |8 A |9 364420 |a BIBING |b BIBING |d 2019-11-21 |i 3996611 |l 2 |o 530 SER 2001 |p 3996611 |r 2025-03-13 |s 2025-03-13 |w 2019-11-21 |y BK |k TRA | ||
| 952 | |0 0 |1 0 |4 0 |6 530_000000000000000_SER_2001 |7 0 |8 A |9 364422 |a BIBCUR |b BIBCUR |d 2019-11-21 |i 4194403 |l 2 |o 530 SER 2001 |p 4194403 |r 2025-04-22 |s 2025-04-10 |w 2019-11-21 |y BK |k FIS | ||
| 952 | |0 0 |1 0 |4 0 |6 530_000000000000000_SER_2001 |7 0 |8 A |9 364423 |a BIBCUR |b BIBCUR |d 2019-11-21 |i 4549554 |l 18 |m 2 |o 530 SER 2001 |p 4549554 |r 2025-04-22 |s 2025-04-04 |w 2019-11-21 |y BK |k BCB | ||